Astronaut Girl : (Record no. 184845)

MARC details
000 -LEADER
fixed length control field 01231nam a2200337 i 4500
003 - CONTROL NUMBER IDENTIFIER
control field OSt
005 - DATE AND TIME OF LATEST TRANSACTION
control field 20210908122347.0
008 - FIXED-LENGTH DATA ELEMENTS--GENERAL INFORMATION
fixed length control field 210907s2021 nyua j 000 1 eng d
020 ## - INTERNATIONAL STANDARD BOOK NUMBER
International Standard Book Number 9780593095775
Terms of availability RM30.30
Qualifying information paperback
040 ## - CATALOGING SOURCE
Original cataloging agency PPAK
Language of cataloging eng
Transcribing agency PPAK
Description conventions rda
082 04 - DEWEY DECIMAL CLASSIFICATION NUMBER
Edition number 23
Classification number 823.92
090 00 - LOCALLY ASSIGNED LC-TYPE CALL NUMBER (OCLC); LOCAL CALL NUMBER (RLIN)
Classification number (OCLC) (R) ; Classification number, CALL (RLIN) (NR) 823.92
Feature heading HAP
Feature heading K
100 1# - MAIN ENTRY--PERSONAL NAME
Personal name Hapka, Cathy,
Relator term author.
245 10 - TITLE STATEMENT
Title Astronaut Girl :
Remainder of title SILVER AND GOLD /
Statement of responsibility, etc. by Caty Hapka and Ellen Vandenberg ; illustrated by Gillian Reid
264 #1 - PRODUCTION, PUBLICATION, DISTRIBUTION, MANUFACTURE, AND COPYRIGHT NOTICE
Place of production, publication, distribution, manufacture New York :
Name of producer, publisher, distributor, manufacturer Penguin Workshop,
Date of production, publication, distribution, manufacture, or copyright notice [2021]
300 ## - PHYSICAL DESCRIPTION
Extent 92 pages :
Other physical details color illustrations ;
Dimensions 20 cm
336 ## - CONTENT TYPE
Source rdacontent
Content type term text
337 ## - MEDIA TYPE
Source rdamedia
Media type term unmediated
338 ## - CARRIER TYPE
Source rdacarrier
Carrier type term volume
490 1# - SERIES STATEMENT
Series statement Astronaut Girl ;
Volume/sequential designation 3
520 ## - SUMMARY, ETC.
Summary, etc. Val is excited to go on one more adventure with her friend Wallace before school starts, but Wallace's friend Carlos keeps butting in
650 10 - SUBJECT ADDED ENTRY--TOPICAL TERM
Topical term or geographic name entry element Triangles (Interpersonal relations)
Form subdivision Juvenile fiction.
Topical term or geographic name entry element Friendship
Form subdivision Juvenile fiction.
Topical term or geographic name entry element Astronauts
Form subdivision Juvenile fiction.
655 7# - INDEX TERM--GENRE/FORM
Genre/form data or focus term Fiction
Genre/form data or focus term Juvenile fiction.
700 1# - ADDED ENTRY--PERSONAL NAME
Personal name Vandenberg, Ellen,
Relator term author.
Personal name Reid, Gillian,
Relator term illustator.
830 #0 - SERIES ADDED ENTRY--UNIFORM TITLE
Uniform title Astronaut girl ;
Number of part/section of a work 2
942 ## - ADDED ENTRY ELEMENTS (KOHA)
Source of classification or shelving scheme Dewey Decimal Classification
Koha item type Book
Holdings
Withdrawn Not for loan Current library Shelving location Date acquired Total Checkouts Total Renewals Full call number Barcode Date last seen Date last checked out Koha item type
    Perpustakaan Alor Setar Pinjaman Kanak-kanak 14/09/2021 4 1 K 823.92 HAP A01704906 07/09/2024 15/08/2024 Book
    Perpustakaan Awam Sungai Petani Pinjaman Kanak-kanak 14/09/2021 5   K 823.92 HAP A01704907 17/01/2024 02/01/2024 Book
    Perpustakaan Baling Pinjaman Kanak-kanak 14/09/2021 1   K 823.92 HAP A01704911 18/01/2025 04/01/2025 Book
    Perpustakaan Bandar Baharu Pinjaman Kanak-kanak 14/09/2021     K 823.92 HAP A01704912 14/09/2021   Book
    Perpustakaan Jitra Pinjaman Kanak-kanak 14/09/2021     K 823.92 HAP A01704908 14/09/2021   Book
    Perpustakaan Kulim Pinjaman Kanak-kanak 14/09/2021 1   K 823.92 HAP A01704910 11/05/2024 04/05/2024 Book
    Perpustakaan Langkawi Pinjaman Kanak-kanak 14/09/2021 2   K 823.92 HAP A01704909 16/02/2023 02/02/2023 Book